Organizations and World Groups Acronyms - Statistics

General Stats
  • This quiz has been taken 90 times
  • The average score is 5 of 10
Answer Stats
Acronym Name % Correct
UN United Nations
99%
EU European Union
94%
WHO World Health Organization
82%
NATO North Atlantic Treaty Organization
66%
WTO World Trade Organization
65%
IMF International Monetary Fund
44%
UNICEF United Nations International Children's Emergency Fund
16%
UNESCO United Nations Educational Scientific and Cultural Organization
10%
WFP World Food Program
10%
WBG World Bank Group
8%
No matching quizzes found
Score Distribution
Percent of People with Each Score
Percentile by Number Answered
Your Score History
You have not taken this quiz